Statistics for Manchester United or Manchester City?

Click here to take the quiz!

General Stats

  • This quiz has been taken 87 times
  • The average score is 10 of 15

Answer Stats

QuestionAnswer% Correct
Had players who were killed in the Munich air disasterManchester United
88%
A rivalry between Liverpool is known as the Northwest derbyManchester United
87%
Sheikh Mansour is the owner of the clubManchester City
83%
Who Carlos Tevez played forBoth
80%
Has a larger stadium (in terms of capacity)Manchester United
80%
Has changed their logo since 2000Manchester City
73%
Kit supplier is PumaManchester City
70%
Won the first Manchester derby (in 1881)Manchester United
66%
Founded as St Mark's (West Gorton)Manchester City
65%
Has won a treble (3 of League, FA Cup, Champions League or League Cup)Both
57%
Has won more Premier League titles since 2000Manchester United
55%
Originally played in scarlet and blackManchester City
49%
The nickname used to be "The Heathens"Manchester United
49%
Has been relegated from the first divisionBoth
33%
Most valuable football club in 2023, according to SporticoManchester United
27%

Score Distribution

Percentile by Number Answered

Percent of People with Each Score

Your Score History

You have not taken this quiz